01876nam a2200433 a 4500001000700000003000800007005001700015006001900032007001500051008004100066022001700107035002300124035002400147035002500171035002100196040002600217050002600243080001000269100002100279222002100300245006500321260003700386300001200423362003300435520046100468533016400929546003101093600002701124650001401151650001201165650001301177650001501190650005601205651005101261655002701312710001901339740002201358856006201380148217FlNmELB20241217182316.0m o d | cr cn|||||||||200608r20002002ag |||||s|||||||||||spa d z950511777919 a(MiAaPQ)EBC3158996 a(Au-PeEL)EBL3158996 a(CaPaEBR)ebr10063337 a(OCoLC)955351088 aFlNmELBbspacFlNmELB 4aBX1462.2bB577 2000eb a261.71 aBianchi, Susana. 0aTodo es Historia10aPerón y la Iglesiah[recurso electronico]cSusana Bianchi. a[Buenos Aires] :bTaurus,c2000. a4-17 p.0 aNúm. 401 (Diciembre 2000)- aHacia 1940 la Iglesia en la Argentina mostraba preocupación por el divorcio entre los sectores populares y el catolicismo. La jerarquía simpatizaba con Perón tanto por las mejoras en la vida de los trabajadores, como por el compromiso de mantener la enseñanza religiosa en la escuela pública. Pero la relación entre el gobierno justicialista y la Iglesia pasó por períodos conflictivos que contribuyeron en 1955 al derrocamiento de Perón. aRecurso electrónico. Santa Fe, Arg.: e-libro, 2015. Disponible vía World Wide Web. El acceso puede estar limitado para las bibliotecas afiliadas a e-libro. aArtículos en castellano.10aPerón, Juan Domingo. 4aHistoria. 4aEstado. 4aIglesia. 4aArgentina. 0aChurch and statezArgentinaxHistoryy20th century. 0aArgentinaxPolitics and governmenty1943-1955. 4aLibros electrónicos.2 ae-libro, Corp.02aTodo es Historia.40uhttps://elibro.net/ereader/politecnicointernacional/32917